| 000 | 00621nam a2200229Ia 4500 | ||
|---|---|---|---|
| 008 | 191119s9999 xx 000 0 und d | ||
| 020 | _a978-1-260-54809-9 | ||
| 050 | _aMAIN PN 4129.15 | ||
| 050 | _b.L83 2020 | ||
| 100 | _aLucas, Stephen E. | ||
| 245 | 4 | _aThe Art of public speaking / | |
| 245 | 0 | _cStephen E. Lucas with Paul Stob. | |
| 250 | _a13th Edition | ||
| 260 | _aNew York : | ||
| 260 | _bMcGraw-Hill, | ||
| 260 | _c2020 | ||
| 300 | _a389 pages : | ||
| 300 | _bcolored illustrations ; | ||
| 300 | _c26 cm. | ||
| 500 | _aIncludes bibliographic references and index. | ||
| 650 | _aPublic speaking. | ||
| 999 |
_c363073 _d363073 |
||